Vidal de la Blache: 1845-1918 un genie de la geographie

Shranjeno v:
Bibliografske podrobnosti
Glavni avtor: Sanguin, Andre-Louis (Author)
Format: Knjiga
Jezik:francoščina
Izdano: París Belin 1993
Serija:Un savant, une epoque
Teme:
Oznake: Označite
Brez oznak, prvi označite!

MARC

LEADER 00000nam a2200000 a 4500
001 UCY2845
003 CL-VaPUC
008 941124e19930000FR |||||||||||||||||fre|d
082 0 4 |a 910.9  |b SAN  |2 21 
100 0 |a Sanguin, Andre-Louis  |e author  |9 330992 
245 1 0 |a Vidal de la Blache: 1845-1918 un genie de la geographie 
300 |a 383 p 
942 |c BK 
945 |d 19941124 00:00:00  |a mfernand 
260 |a París  |b Belin  |c 1993 
600 0 7 |a VIDAL DE LA BLACHE, PAUL MARIE JOSEPH  |2 CL-VaPUC  |9 330993 
650 7 |a GEOGRAFIA ENSEÑANZA  |2 CL-VaPUC  |9 308946 
650 0 |a Biografías  |9 255210 
583 |a last modification  |c 19941124 00:00:00  |k Rodrigo Vera 
490 0 |a Un savant, une epoque 
999 |c 231145  |d 231143 
952 |0 0  |1 0  |4 0  |6 910_900000000000000_SAN_1993  |7 0  |8 A  |9 233989  |a BIBING  |b BIBING  |d 2019-11-15  |i 3034674  |l 1  |o 910.9 SAN 1993  |p 3034674  |r 2025-04-21  |s 2025-04-21  |w 2019-11-15  |y BK  |k GEO